Recent trends and contacts between cytogenetics, embryology and morphology. (Record no. 36077)

MARC details
000 -LEADER
fixed length control field 00389nam a2200133Ia 4500
082 ## - DEWEY DECIMAL CLASSIFICATION NUMBER
Classification number 575:577.218
Item number DNY
245 #0 - TITLE STATEMENT
Title Recent trends and contacts between cytogenetics, embryology and morphology.
260 ## - PUBLICATION, DISTRIBUTION, ETC. (IMPRINT)
Place of publication New Delhi
Name of publisher Today &Tomorrow
Year of publication 1978
650 ## - SUBJECT ADDED ENTRY--TOPICAL TERM
Topical Term Cytogenetics
650 ## - SUBJECT ADDED ENTRY--TOPICAL TERM
Topical Term Embryology
700 ## - ADDED ENTRY--PERSONAL NAME
Personal name DNYANSAGAR, V R
942 ## - ADDED ENTRY ELEMENTS (KOHA)
Koha item type Books
Holdings
Withdrawn status Lost status Damaged status Not for loan Home library Current library Date acquired Full call number Accession Number Koha item type
        RRII Library RRII Library 16/12/2021 575:577.218 DNY 16493 Books